| 000 -ლიდერი |
| ფიქსირებული სიგრძის საკონტროლო ველი |
01144nam a2200241Ia 4500 |
| 001 - საკონტროლო ნომერი |
| საკონტროლო ველი |
19710 |
| 003 - საკონტროლო ნომრის იდენტიფიკატორი |
| საკონტროლო ველი |
GE_BSU |
| 005 - ბოლო ოპერაციის თარიღი და დრო |
| საკონტროლო ველი |
20200402213520.0 |
| 008 - ფიქსირებული სიგრძის მონაცემთა ელემენტები - ზოგადი ინფორმაცია |
| ფიქსირებული სიგრძის საკონტროლო ველი |
181216s1993||||ge |||||||||||||| ||geo|| |
| 040 ## - კატალოგიზაციის წყარო |
| Transcribing agency |
GE_BSU |
| 041 ## - ენის კოდი |
| Language code of text/sound track or separate title |
geo |
| 080 ## - უნივერსალური ათობითი კლასიფიკაციის ინდექსი |
| Universal Decimal Classification number |
811.353-1(042.2) ქ-27 |
| 245 ## - ცნობა სათაურის შესახებ |
| Title |
ქართული ენის გრამატიკის კონსპექტი / |
| Statement of responsibility, etc |
ავტორები : პ.ლორთქიფანიძე, ე. გელაშვილი, ს. დვალი ; შემდგ.– რედ. სიმონ ბალახაძე. |
| 264 ## - წარმოების, გამოცემის, დისტრიბუციის და სხვა ცნობები |
| გამოცემის, წარმოების, დისტრიბუციის... ადგილი |
თბილისი : |
| გამოცემის, წარმოების, დისტრიბუციის... სახელწოდება |
[?], |
| გამოცემის, წარმოების, დისტრიბუციის... თარიღი |
1993. |
| 300 ## - ფიზიკური აღწერა |
| Extent |
48 გვ. ; |
| Dimensions |
19 სმ. |
| 653 ## - INDEX TERM--UNCONTROLLED |
| Uncontrolled term |
ქართული ენის გრამატიკის კონსპექტი |
| 700 ## - ADDED ENTRY--PERSONAL NAME |
| Personal name |
ლორთქიფანიძე, პ. |
| Relator term |
ავტორი |
| 9 (RLIN) |
7680 |
| 700 ## - ADDED ENTRY--PERSONAL NAME |
| Personal name |
გელაშვილი, ე. |
| Relator term |
ავტორი |
| 9 (RLIN) |
7719 |
| 700 ## - ADDED ENTRY--PERSONAL NAME |
| Personal name |
დვალი, ს. |
| Relator term |
ავტორი |
| 9 (RLIN) |
7849 |
| 700 ## - ADDED ENTRY--PERSONAL NAME |
| Personal name |
ბალახაძე, სიმონ |
| Relator term |
რედაქტორი |
| 9 (RLIN) |
7850 |
| 942 ## - ADDED ENTRY ELEMENTS (KOHA) |
| Koha item type |
წიგნი |
| Source of classification or shelving scheme |
|